LEADER 01544nam a2200361 a 4500 001 000000132449 003 CaOOAMICUS 005 20130129155937.0 008 130129s2012 it u000 u ita r 020 $a978-88-372-2630-5 040 $aPUL$bita 041 0 $aita$aeng$afre 082 04$a269 245 03$aLa catechesi e le sfide dell'evangelizzazione oggi /$ca cura di Gilles Routhier, Luca Bressan, Luciano Vaccaro. 260 $aBrescia :$bMorcelliana,$c2010. 300 $aXXI, 265 p. ;$c23 cm 490 1 $aQuaderni della Gazzada ;$v29 504 $aBibliografia in nota. 546 $aContiene contributi in lingua inglese e francese. 650 4$aCatechesi$xSec. XXI.$0(OLS)http://pul/subject/39301 650 4$aEvangelizzazione$ySec. XXI.$0(OLS)http://pul/subject/27584 700 1 $aVaccaro, Luciano.$0(OLS)http://pul/name/8200 700 1 $aBressan, Luca.$0(OLS)http://pul/name/64050 700 1 $aRouthier, Gilles,$d1953-$0(OLS)http://pul/name/34994 830 0$aQuaderni della Gazzada ;$v29.$0(OLS)http://pul/title/11960 850 $aPUL 852 $aPUL$W1$xSL Religione 3$y85$m269 ROUGI 1$j152418$qDDC 21$B151767$CPULBib$Z2$F151767 $H121569 $82 941 1 $a9 996 $6020$a978-88-372-2630-5$9(OLS)http://pul/number/151618 996 $6082$a269$9(OLS)http://pul/classification/2195 996 $6245$aLa catechesi e le sfide dell'evangelizzazione oggi$9(OLS)http://pul/title/167336 996 $6260$aBrescia :$bMorcelliana$9(OLS)http://pul/publisher/47854 LEADER 01138nam a2200301 a 4500 001 000000132495 003 CaOOAMICUS 005 20130201155646.0 008 130201s2012 it u001 u ita r 020 $z978-88-15-24035-8* 040 $aPUL$bita 082 04$a261.7 100 1 $aProdi, Paolo.$0(OLS)http://pul/name/18623 245 10$aCristianesimo e potere /$cPaolo Prodi. 260 $aBologna :$bIl Mulino,$cİ2012. 300 $a225 p. ;$c22 cm. 490 1 $aForum 504 $aInclude riferimenti bibliografici ed indice. 650 4$aCristianesimo e politica.$0(OLS)http://pul/subject/1181 830 0$aForum (Il Mulino).$0(OLS)http://pul/title/154511 850 $aPUL 852 $aPUL$W1$xSL Religione 3$y85$m261. 7 PROPA 1$j152470$qDDC 21$B151820$CPULBib$Z2$F151820 $H121544 $82 941 1 $a9 996 $6020$z978-88-15-24035-8*$9(OLS)http://pul/number/151660 996 $6082$a261.7$9(OLS)http://pul/classification/578 996 $6245$aCristianesimo e potere$9(OLS)http://pul/title/167396 996 $6260$aBologna :$bIl Mulino$9(OLS)http://pul/publisher/47928